<The> Public Sector Challenge for Coordination and Learning

Guardado en:
Detalles Bibliográficos
Otros Autores: Kaufmann, Franz-Xaver
Formato: Libro
Lenguaje:inglés
Publicado: Berlin De Gruyter 1991
Edición:1. ed.
Colección:De Gruyter Studies in Organization 31
Materias:
Etiquetas: Agregar Etiqueta
Sin Etiquetas, Sea el primero en etiquetar este registro!

MARC

LEADER 00000nam a2200000 4500
001 c010233
005 20221206114910.2
020 |a 3-11-012380-0 
041 0 |a eng 
044 |a DE 
245 1 0 |a <The> Public Sector  |b Challenge for Coordination and Learning  |c Edit. Franz-Xaver Kaufmann 
250 |a 1. ed. 
264 1 |a Berlin  |b De Gruyter  |c 1991 
300 |a 553 s. 
490 1 |a De Gruyter Studies in Organization  |v 31 
830 0 |a De Gruyter Studies in Organization  |v 31 
610 2 0 |a správa štátna 
610 2 0 |a správa verejná 
610 2 0 |a byrokracia 
610 2 0 |a politika vedecká 
610 2 0 |a analýzy 
610 2 0 |a etika 
610 2 0 |a administratíva 
610 2 0 |a koordinácia 
700 1 |a Kaufmann, Franz-Xaver